K boju proti dyzenterickej epidémii

Bibliographic Details
Main Authors: Blaškovič, Dionýz, 1913-1998 (Author), Bielek, L. (Author)
Format: Article
Language:Slovak

MARC

LEADER 00000nab a2200000 a 4500
001 vtls010730229
003 SK-MaSNL
005 20260304194908.0
008 250709s1944 xo |||||||||||||||||slo|
035 |a (urnnbn)urn:nbn:sk:snk:ar-a05667 
035 |a (uuid)b0d591e5-e126-4912-b427-31577b9b3f32 
035 |a urn:nbn:sk:snk-ab3t1x 
040 |a SNKBUCL  |b slo  |c SNKBUCL  |e AACR2 
041 0 |a slo 
044 |a xo  |c SK 
100 1 |a Blaškovič, Dionýz,  |d 1913-1998  |4 aut  |9 37673 
245 1 0 |a K boju proti dyzenterickej epidémii  |c D. Blaškovič, L. Bielek 
700 1 |a Bielek, L.  |4 aut  |9 299973 
773 0 |t Slovenský lekár  |g Roč. 6, č. 11 (1944), s. 276-281 
850 |a Slovenská národná knižnica 
852 |a Slovenská národná knižnica 
954 |a odborná, vedecká literatúra pôvodná (slovenská)  |2 lita 
958 |a article1 
958 |a OND 
958 |a EUIPO 
999 |c 3077639  |d 3079569